[Event "Loire-ch op 0405"]
[Site "Loire"]
[Date "2005.05.21"]
[Round "8"]
[White "Paratcha, Yohan"]
[Black "Choquelle, Jean"]
[Result "1/2-1/2"]
[WhiteElo "1440"]
[BlackElo "1499"]
[PlyCount "101"]
[EventDate "2004.10.16"]
[EventType "swiss"]
[EventRounds "9"]
[EventCountry "FRA"]
[SourceTitle "EXT 2008"]
[Source "ChessBase"]
[SourceDate "2007.11.25"]
[SourceVersion "1"]
[SourceVersionDate "2007.11.25"]
[SourceQuality "1"]

1. e4 e5 2. Nf3 d6 3. d4 Nd7 4. d5 Ngf6 5. Nc3 Be7 6. Bb5 0-0 7. 0-0 a6 8. Bc4 Nb6 9. Be2 Qd7 10. a3 Nh5 11. Nd2 Nf4 12. Nb3 Bg5 13. Bxf4 Bxf4 14. Bg4 Qe7 15. Bxc8 Rfxc8 16. Ne2 Nc4 17. Rb1 Nd2 18. Re1 Nxb1 19. Nxf4 exf4 20. Qxb1 f3 21. gxf3 Qg5+ 22. Kf1 Re8 23. c4 b6 24. Nd4 Qf4 25. Qd3 Qxh2 26. Ke2 g6 27. Kd2 Qf4+ 28. Kc3 Re5 29. b4 Rae8 30. a4 Qh2 31. Qc2 Rg5 32. a5 Rg1 33. Rxg1 Qxg1 34. axb6 Qa1+ 35. Kd3 Qf1+ 36. Kc3 Qa1+ 37. Kd3 Qa3+ 38. Qb3 Qc1 39. bxc7 Qf1+ 40. Kc3 Qa1+ 41. Kd3 Qf1+ 42. Kc3 Qa1+ 43. Qb2 Qe1+ 44. Kd3 Qf1+ 45. Kc3 Qe1+ 46. Qd2 Qa1+ 47. Kb3 Qb1+ 48. Qb2 Qd1+ 49. Qc2 Qxd4 50. b5 Qb6 51. Qa2 1/2-1/2

[Event "Loire-ch op 0405"]
[Site "Loire"]
[Date "2005.04.09"]
[Round "6"]
[White "Giroux, Sylvain"]
[Black "Choquelle, Jean"]
[Result "1-0"]
[WhiteElo "1310"]
[BlackElo "1499"]
[PlyCount "57"]
[EventDate "2004.10.16"]
[EventType "swiss"]
[EventRounds "9"]
[EventCountry "FRA"]
[SourceTitle "EXT 2008"]
[Source "ChessBase"]
[SourceDate "2007.11.25"]
[SourceVersion "1"]
[SourceVersionDate "2007.11.25"]
[SourceQuality "1"]

1. d4 d5 2. c4 dxc4 3. Qa4+ Bd7 4. Qxc4 Nc6 5. Nf3 Be6 6. Qc3 Nf6 7. e3 Bf5 8. b3 Ne4 9. Qc2 e6 10. Bd3 Bb4+ 11. Nbd2 Qd5 12. 0-0 0-0 13. Bxe4 Rfe8 14. Bxd5 Rad8 15. Qd1 e5 16. Bxc6 bxc6 17. Nxe5 Re6 18. Nxc6 Rdd6 19. Ne7+ Kh8 20. Nxf5 Rf6 21. Qc2 g6 22. Nh6 a5 23. Ne4 Rfe6 24. Ng5 Bd2 25. Ngxf7+ Kg7 26. Nxd6 cxd6 27. e4 g5 28. Qc7+ Kf6 29. Qf7# 1-0